| 000 | 01469nam a2200229Ia 4500 | ||
|---|---|---|---|
| 003 | Ost | ||
| 005 | 20260507075000.0 | ||
| 008 | 260507s9999||||xx |||||||||||||| ||und|| | ||
| 040 | _cfsecg | ||
| 041 | _aara | ||
| 082 | _a382 | ||
| 100 |
_aالصرن، رعد حسن _eمؤلف |
||
| 245 | 0 |
_aأساسيات التجارة الدولية المعاصرة : _bمن الميزة المطلقة الى العولمة والحرية والرفاهية الاقتصادية / _c رعد حسن الصرن |
|
| 260 |
_aدمشق: _bدار الرضا للنشر, _c2000 |
||
| 300 |
_a415 صفحة؛ _bإيضاحات ؛ _c24 سم |
||
| 490 |
_aسلسلة الرضا للمعلومات _v85 |
||
| 504 | _aفهرس المصطلحات:ص.397-401؛ ببليوغرافيا:ص.403-410 فهرس الجداول:ص.411؛ فهرس الأشكال:ص.413 | ||
| 520 | _aمقدمة في التجارة الدولية،قضايا ومسائل هامة في التجارة الدولية،العولمة وآثارها على التجارة الدولية،النظريات التقليدية في التجارة الدولية،النظريات الحديثة للتجارة الدولية،معدل التبادل والمكاسب من التجارة الدولية،سياسات التجارة الدولية،ميزان المدفوعات،العلاقات النقدية الدولية | ||
| 653 | _aالتجارة الخارجية | ||
| 653 | _aالعولمة | ||
| 942 | _cكتاب | ||
| 999 |
_c42065 _d42065 |
||